Are diwano mujhe pehchano-Don : (Record no. 46535)

MARC details
000 -LEADER
fixed length control field 01088nji a22002657a 4500
005 - DATE AND TIME OF LATEST TRANSACTION
control field 20100917150858.0
006 - FIXED-LENGTH DATA ELEMENTS--ADDITIONAL MATERIAL CHARACTERISTICS--GENERAL INFORMATION
fixed length control field a|||||r|||||00| 0
007 - PHYSICAL DESCRIPTION FIXED FIELD--GENERAL INFORMATION
fixed length control field sd ammalaaahaa
008 - FIXED-LENGTH DATA ELEMENTS--GENERAL INFORMATION
fixed length control field 100830t xxu||||| |||| 00| 0 eng d
028 ## - PUBLISHER NUMBER
Publisher number S/45-OLP. 504
Source ODEON
035 ## - SYSTEM CONTROL NUMBER
System control number GR-03117
040 ## - CATALOGING SOURCE
Original cataloging agency SED
Transcribing agency SED
100 ## - MAIN ENTRY--PERSONAL NAME
9 (RLIN) 17455
Personal name Joe Gomes
245 ## - TITLE STATEMENT
Title Are diwano mujhe pehchano-Don :
Statement of responsibility, etc by Joe Gomes
Medium [sound recording] :
Remainder of title clarionet /
246 ## - VARYING FORM OF TITLE
Title proper/short title अरे दीवानों मुझे पहचानो-डोन /जोए गोमेस द्वारा
260 ## - PUBLICATION, DISTRIBUTION, ETC. (IMPRINT)
Place of publication, distribution, etc Dum Dum, India
Name of publisher, distributor, etc ODEON
Date of publication, distribution, etc 1979
300 ## - PHYSICAL DESCRIPTION
Extent 1 sound disc [Gramophone Recording]:
Other physical details analog, 33 1/3 rpm
Dimensions 12 in. (LP)
Type of unit Gramophone Record
500 ## - GENERAL NOTE
General note Brief Record
500 ## - GENERAL NOTE
General note Record labels : ODEON, Black
505 ## - FORMATTED CONTENTS NOTE
Formatted contents note Side-2 (Yeh mera dil yaar ka diwana-Don) (Clarionet) (Joe Gomes)
600 ## - SUBJECT ADDED ENTRY--PERSONAL NAME
Personal name Joe Gomes
9 (RLIN) 20551
650 ## - SUBJECT ADDED ENTRY--TOPICAL TERM
Topical term or geographic name as entry element Instrumental film tunes
Geographic subdivision India
9 (RLIN) 1186
General subdivision Excerpts
942 ## - ADDED ENTRY ELEMENTS (KOHA)
Source of classification or shelving scheme Dewey Decimal Classification
Item type Gramaphone Records
Holdings
Withdrawn status Lost status Source of classification or shelving scheme Damaged status Not for loan Collection code Home library Current library Date acquired Source of acquisition Total Checkouts Barcode Date last seen Copy number Price effective from Koha item type
    Dewey Decimal Classification   Not For Loan Non-fiction Central Library Central Library 17/09/2010 SED/VEN   GR-03117 17/09/2010 1 17/09/2010 Gramaphone Records

© Delhi Public Library
Hit Counter
free hit counter